Pro/Engineering - inteligentný CAD systém pre návrh robotických systémov

Popis CAD systémov typu Pro/Engineering.

Enregistré dans:
Détails bibliographiques
Auteur principal: Daneshjo, Naqibullah, 1964-
Format: Chapitre de livre
Langue:slovaque
Sujets:
Tags: Ajouter un tag
Pas de tags, Soyez le premier à ajouter un tag!

MARC

LEADER 00000naa$a2200000$$$4500
001 0277971
005 20220819162435.3
041 0 |a slo 
044 |a SK 
245 1 0 |a Pro/Engineering - inteligentný CAD systém pre návrh robotických systémov  |c Naqibullah Daneshjo 
520 |a Popis CAD systémov typu Pro/Engineering. 
610 2 0 |a systémy výrobné 
610 2 0 |a systémy výrobné automatizované 
610 2 0 |a roboty 
610 2 0 |a stroje 
100 1 |a Daneshjo, Naqibullah, 1964-